Disavventure del diritto soggettivo. Una vicenda teorica.

محفوظ في:
التفاصيل البيبلوغرافية
المؤلف الرئيسي: La Torre, Massimo (autore)
التنسيق: كتاب
منشور في: Milano, Italia: Dott. A. Giuffrè Editore, 1996.
سلاسل:Seminario Giuridico della Università di Bologna,
الموضوعات:
الوسوم: إضافة وسم
لا توجد وسوم, كن أول من يضع وسما على هذه التسجيلة!

MARC

LEADER 00000nam a22000007a 4500
003 CL-VaPUC
005 20220822114822.0
008 220805t1996 ||||| |||| 00| 0 eng d
999 |c 438021  |d 438019 
020 |a 88-14-05805-9 
040 |c Pontificia Universidad Católica de Valparaíso 
082 7 |a 340.11 LAT 1996  |2 22 
100 |a La Torre, Massimo  |9 418202  |e autore 
245 |a Disavventure del diritto soggettivo.  |b Una vicenda teorica. 
260 |a Milano, Italia:   |b Dott. A. Giuffrè Editore,   |c 1996. 
300 |a 445 páginas. 
490 |a Seminario Giuridico della Università di Bologna,   |n  167. 
500 |a c.1 Donación Familia Prof. Alejandro Guzmán Brito. 
583 |c 20220805  |k Catalogador Asistente 
650 |a Derecho subjetivo  |x Teoria   |9 874102 
650 |a Derecho   |x Teoría general   |9 874994 
942 |2 ddc  |c BK  |n 0 
952 |0 0  |1 0  |2 ddc  |4 0  |6 340_110000000000000_LAT_1996  |7 0  |8 C_AGB  |9 585892  |a BIBDER  |b BIBDER  |d 2022-08-05  |e Donación  |i 5653839  |o 340.11 LAT 1996  |p 5653839  |r 2023-01-25  |t 1  |w 2022-08-05  |y BK_US  |k AGB